000
00259nam a22001217a 4500
008
180227b xxu||||| |||| 00| 0 eng d
041
_a
eng
080
_a
338
100
_a
53
101
_a
MAN
245
_a
STRATEGIC MANAGEMENT
_c
HITT.M.A
942
_2
udc
_c
BK
999
_c
43637
_d
43637